College Quizbowl Stats
College Quizbowl Stats
Circuits
Seasons
Sets
Records
Detailed Stats
About
Loading...
Upper Mid-Atlantic
Tossups
Bonuses
Players
Teams
Categories (Tossup)
Categories (Bonus)
Daniel Craig
Lehigh B
Categories
Category
Powers
Gets
Negs
BBs
Points
Earliest Buzz
Avg. Buzz
First Buzzes
Top 3 Buzzes
BPA
PVF
Fine Arts - Classical Music
0
1
0
1
10
112
112.00
0
0
0.00
0.00
Science - Other
0
1
0
0
10
92
92.00
1
1
0.00
0.00
Science - Physics
0
1
0
0
10
72
72.00
1
1
0.00
0.00
Science - Biology
0
0
1
0
-5
0.00
0
0
0.00
0.00
Buzzes
Category
Answer
Value
Buzz Position
Science - Physics
thermal insulation
10
72
Science - Biology
teeth
-5
91
Science - Other
loops
10
92
Fine Arts - Classical Music
trombone
10
112
Previous
1
Next